| 000 | 01906cam a2200541 a 4500 | ||
|---|---|---|---|
| 001 | 20288 | ||
| 003 | VRT | ||
| 005 | 20260120154805.0 | ||
| 008 | 250414s1992 xo ao 001 0 slo | ||
| 015 | _aSNBA1992/04 | ||
| 020 |
_a8007004963 _q(viaz.) |
||
| 035 | _aSNK000010325 | ||
| 035 | _aurn:nbn:sk:snk-am005ftb | ||
| 035 | _aurn:nbn:sk:snk-amkr1l | ||
| 039 | 9 |
_a202504141234 _bVLOAD _c202410291119 _dcsnk20 _c202403151839 _dVLOAD _c202402261544 _dVLOAD |
|
| 040 |
_aSNK _bslo _cSNK _eAACR2 |
||
| 041 | 1 |
_aslo _heng |
|
| 044 |
_axo _cSK |
||
| 080 |
_a641.564(083.12) _21981 |
||
| 100 | 1 |
_aBrown, Sarah, _d1952- _4aut |
|
| 240 | 1 | 0 |
_aSainsbury's Vegetarian Cookery _lSlovensky |
| 245 | 1 | 0 |
_aVegetariánska kuchyňa 1 _cSarah Brown ... [et al.] ; [z anglického originálu preložili Emil Ginter a Anastázia Ginterová] |
| 250 | _a1. vyd. | ||
| 260 |
_aBratislava _bPríroda _c1992 _eMartin _fNeografia |
||
| 300 |
_a145 s. _bfotogr., ilustr. _c24 cm |
||
| 504 | _aReg. | ||
| 700 | 1 |
_aBrigdale, Martin _4ill |
|
| 700 | 1 |
_aBurleigh, Ian _4aut |
|
| 700 | 1 |
_aDuns, Alan _4ill |
|
| 700 | 1 |
_aGinter, Emil, _d1931- _4trl |
|
| 700 | 1 |
_aGinterová, Anastázia, _d1930-2008 _4trl |
|
| 700 | 1 |
_aHarris, Graeme Harris _4ill |
|
| 700 | 1 |
_aHarrison, Lorraine _4ill |
|
| 700 | 1 |
_aImro, Igor, _d1943- _4ill |
|
| 700 | 1 |
_aMasselin, Roselyne _4aut |
|
| 700 | 1 |
_aMiller, Graham _4ill |
|
| 700 | 1 |
_aO'Leary, Ian _4ill |
|
| 700 | 1 |
_aSmith, Christine _4aut |
|
| 700 | 1 |
_aStebbings, Charlie _4ill |
|
| 700 | 1 |
_aStreeter, Clive _4ill |
|
| 942 |
_2ddc _cOLDO _n0 |
||
| 949 |
_617A0060750 _9P60, <04>, [BOOK], {604} _asnkSC 81347/1 D1 _bsnkKSP 2308/92 _s6100:20140925 |
||
| 949 |
_617A0983080 _asnkSC 81347/1 |
||
| 949 |
_6270001000032646 _asvkbbB 25803 _p567.189 |
||
| 949 |
_6273K0170863 _asvkpoB 60917/I _bsvkpo379842 _oPV 1236/92 |
||
| 999 |
_c20288 _d20288 |
||